[Event "RUS-ch U18"]
[Site "Dagomys"]
[Date "2004.04.??"]
[Round "6"]
[White "Melnikov, Alexey"]
[Black "Pospelov, Kirill"]
[Result "0-1"]
[WhiteElo "2174"]
[BlackElo "2065"]
[PlyCount "70"]
[EventDate "2004.04.??"]
[EventType "swiss"]
[EventRounds "10"]
[EventCountry "RUS"]
[SourceTitle "EXT 2005"]
[Source "ChessBase"]
[SourceDate "2004.11.15"]
[SourceVersion "1"]
[SourceVersionDate "2004.11.15"]
[SourceQuality "1"]

1. e4 d6 2. d4 Nf6 3. Nc3 e5 4. Nf3 Nbd7 5. Bc4 Be7 6. 0-0 0-0 7. Re1 c6 8. a4 b6 9. b3 a6 10. Bb2 Rb8 11. Bd3 b5 12. Ne2 Qc7 13. Ng3 Re8 14. axb5 axb5 15. Qd2 Bf8 16. Nf5 exd4 17. N3xd4 d5 18. Qg5 Ne5 19. Nxb5 cxb5 20. Bxe5 Rxe5 21. Nh6+ Kh8 22. Qxe5 Rb7 23. Qxc7 Rxc7 24. Nf5 dxe4 25. Bxe4 g6 26. Ng3 Nxe4 27. Nxe4 Rxc2 28. Rac1 Rxc1 29. Rxc1 Be6 30. Nc5 Bxc5 31. Rxc5 Bxb3 32. Rxb5 Be6 33. f3 h5 34. Kf2 Kg7 35. Ke3 Kf6 0-1

[Event "RUS-ch U18"]
[Site "Dagomys"]
[Date "2004.04.??"]
[Round "8"]
[White "Plotnikov, Pavel"]
[Black "Pospelov, Kirill"]
[Result "1/2-1/2"]
[WhiteElo "2217"]
[BlackElo "2065"]
[PlyCount "63"]
[EventDate "2004.04.??"]
[EventType "swiss"]
[EventRounds "10"]
[EventCountry "RUS"]
[SourceTitle "EXT 2005"]
[Source "ChessBase"]
[SourceDate "2004.11.15"]
[SourceVersion "1"]
[SourceVersionDate "2004.11.15"]
[SourceQuality "1"]

1. d4 d5 2. c4 c6 3. Nc3 Nf6 4. Nf3 a6 5. c5 Nbd7 6. Bf4 g6 7. e3 Nh5 8. Be2 Bg7 9. b4 Nxf4 10. exf4 a5 11. a3 b6 12. Ne5 Nxe5 13. fxe5 f6 14. f4 fxe5 15. fxe5 0-0 16. Na4 axb4 17. axb4 b5 18. Nb6 Rxa1 19. Qxa1 Bf5 20. Qc1 Be4 21. Qg5 Rf5 22. Qg3 h5 23. Bd3 e6 24. h4 Bxd3 25. Qxd3 Qb8 26. Rh3 Bxe5 27. dxe5 Qxe5+ 28. Re3 Qa1+ 29. Ke2 Qb2+ 30. Kd1 Qa1+ 31. Ke2 Qb2+ 32. Kd1 1/2-1/2